LEADER 01211nlm0 22003491i 450 001 990009866170403321 005 20140609101647.0 010 $a9781444342758 035 $a000986617 035 $aFED01000986617 035 $a(Aleph)000986617FED01 035 $a000986617 100 $a20140609d2011----km-y0itay50------ba 101 0 $aeng 135 $adrnn-008mamaa 200 1 $a<>companion to comparative literature$bRisorsa elettronica$fedited by Ali Behdad and Dominic Thomas 210 $aChichester, West Sussex ; Malden, Mass.$cWiley-Blackwell$cEbrary [distributor]$d2011 225 1 $aBlackwell companions to literature and culture$v76 230 $aDocumento elettronico 320 $aIncludes bibliographical references and index 336 $aTesto 337 $aFormato html, pdf 610 0 $aLetteratura comparata 676 $a807 702 1$aBehdad,$bAli,$f<1961- > 702 1$aThomas,$bDominic Richard David 801 3$aIT$bUNINA$gREICAT$2UNIMARC 856 4 $zFull text per gli utenti Federico II$uhttp://site.ebrary.com/lib/unina/Doc?id=10494498 901 $aEB 912 $a990009866170403321 996 $aCompanion to comparative literature$9828001 997 $aUNINA LEADER 01098nam0-22002651i-450- 001 990003987290403321 005 20040512155558.0 035 $a000398729 035 $aFED01000398729 035 $a(Aleph)000398729FED01 035 $a000398729 100 $a20031215d1981----km-y0itay50------ba 101 0 $aita 200 1 $aElaborazione critica dei risultati delle indagini oceanografiche ed analitiche effettuate tra il 1975 ed il 1978 dal nucleo speciale controllo corrosioni ed appalti elettrici$eparte prima$fCassa del Mezzogiorno 210 $aNapoli$cCassa del Mezzogiorno$d1981 300 $aBibl. Ing. Sanitaria 610 0 $aScarichi a mare 710 02$aCassa per opere straordinarie di pubblico interesse nell'Italia meridionale$0287783 801 0$aIT$bUNINA$gRICA$2UNIMARC 901 $aBK 912 $a990003987290403321 952 $a15 G/3-9$fDINID 959 $aDINID 996 $aElaborazione critica dei risultati delle indagini oceanografiche ed analitiche effettuate tra il 1975 ed il 1978 dal nucleo speciale controllo corrosioni ed appalti elettrici$9474036 997 $aUNINA